| 000 | 00950nam a22003017a 4500 | ||
|---|---|---|---|
| 001 | 200461625 | ||
| 003 | TR-AnTOB | ||
| 005 | 20250612184043.0 | ||
| 008 | 240708b tu ||||| |||| 00| 0 tur d | ||
| 020 | _a9789750752704 | ||
| 040 |
_aTR-AnTOB _beng _erda _cTR-AnTOB |
||
| 041 | _atur | ||
| 092 |
_a813.42 _bÇAK 2022 |
||
| 100 | 1 |
_aÇakman, Koray Avcı, _d1982- _eauthor. _9138796 |
|
| 245 |
_aAy tavşanı, dedem ve ben / _cKoray Avcı Çakman ; resimleyen : Çağla Yiğit ; editör : Mehmet Erkurt |
||
| 250 | _a1.bs. | ||
| 260 |
_aİstanbul : _bKırmızı Kedi ; _c2022 |
||
| 300 |
_a87 Pages. : _bill. ; _c19 cm. |
||
| 336 |
_atext _btxt _2rdacontent |
||
| 337 |
_aunmediated _bn _2rdamedia |
||
| 338 |
_avolume _bnc _2rdacarrier |
||
| 653 | _aTürk edebiyatı | ||
| 700 | 1 |
_aÇağlar, Yiğit _eillustrator _9135417 |
|
| 700 | 1 |
_aErkurt ,Mehmet _9146046 |
|
| 942 |
_2ddc _cBK |
||
| 999 |
_c200461625 _d79837 |
||